<?xml version="1.0" encoding="UTF-8"?>
<marc:record xmlns:marc="http://www.loc.gov/MARC21/slim">
   <marc:leader>00000nam a2200000 a 4500</marc:leader>
   <marc:datafield ind1="1" ind2=" " tag="100">
      <marc:subfield code="a">Bracken, Alexandra</marc:subfield>
      <marc:subfield code="4">aut</marc:subfield>
      <marc:subfield code="e">Verfasser/-in</marc:subfield>
   </marc:datafield>
   <marc:datafield ind1=" " ind2=" " tag="653">
      <marc:subfield code="a">Krieg</marc:subfield>
   </marc:datafield>
   <marc:datafield ind1=" " ind2=" " tag="653">
      <marc:subfield code="a">Mythologie</marc:subfield>
   </marc:datafield>
   <marc:datafield ind1=" " ind2=" " tag="653">
      <marc:subfield code="a">Jagd</marc:subfield>
   </marc:datafield>
   <marc:datafield ind1="0" ind2="0" tag="245">
      <marc:subfield code="a">Lore. Die Spiele haben begonnen. Sie kämpft um ihr Leben</marc:subfield>
   </marc:datafield>
   <marc:datafield ind1=" " ind2="1" tag="264">
      <marc:subfield code="b">Arena</marc:subfield>
      <marc:subfield code="c">2022</marc:subfield>
   </marc:datafield>
   <marc:datafield ind1="1" ind2=" " tag="520">
      <marc:subfield code="a">Actionreiche Götter-Fantasy mit starker Heldin von #1-New-York-Times-Bestsellerautorin Alexandra Bracken.  Lore versucht, einfach nur normal zu sein und zu vergessen, dass sie dazu ausgebildet wurde, griechische Götter zu jagen. Doch dann steht die nächste Jagd bevor und jemand sucht ihre Hilfe, der sie und ihresgleichen eigentlich hasst: Athene. Die Göttin bietet Lore ein Bündnis gegen den neuen Ares an, der vor Jahren Lores Familie ermordet hat - und seitdem noch mächtiger geworden ist. Sieben Tage ist Ares sterblich und die Rache für ihre Familie in greifbarer Nähe für Lore. Doch reicht das Bündnis mit Athene aus, um Ares aufzuhalten, der die menschliche Welt in Schutt und Asche legen will? Die Jagd auf die Götter ist eröffnet!</marc:subfield>
   </marc:datafield>
   <marc:datafield ind1=" " ind2=" " tag="020">
      <marc:subfield code="a">9783401606385</marc:subfield>
      <marc:subfield code="9">9783401606385</marc:subfield>
   </marc:datafield>
</marc:record>
